[Event "Deutsche Blitz-Einzelmeisterschaft der Frauen 2021"]
[Site "Magdeburg"]
[Date "2021.08.01"]
[Round "16"]
[Board "11"]
[White "Stangl, Anita"]
[Black "Albayrak, Berrak"]
[Result "1-0"]
[WhiteElo "1982"]
[BlackElo "1491"]
[PlyCount "0"]
[EventDate "2021.08.01"]
[EventRounds "21"]
[EventCountry "GER"]

1. e4 {[%clk 0:03:03]} d6 {[%clk 0:03:04]} 2. Nf3 {[%clk 0:03:04]} Nf6 {[%clk
0:03:05]} 3. Nc3 {[%clk 0:03:05]} g6 {[%clk 0:03:06]} 4. d4 {[%clk 0:03:06]} Bg7
{[%clk 0:03:08]} 5. Bg5 {[%clk 0:03:06]} O-O {[%clk 0:03:08]} 6. Qd2 {[%clk
0:03:07]} Re8 {[%clk 0:03:09]} 7. O-O-O {[%clk 0:03:05]} a6 {[%clk 0:03:09]} 8.
Bd3 {[%clk 0:03:02]} b5 {[%clk 0:03:10]} 9. e5 {[%clk 0:02:46]} dxe5 {[%clk
0:03:01]} 10. dxe5 {[%clk 0:02:46]} Ng4 {[%clk 0:02:08]} 11. Qe2 {[%clk 0:01:59]}
Bd7 {[%clk 0:00:21]} 12. h3 {[%clk 0:01:42]} Nh6 {[%clk 0:00:21]} 13. g4 {[%clk
0:01:43]} Nc6 {[%clk 0:00:16]} 14. Qe3 {[%clk 0:01:40]} Nxg4 {[%clk 0:00:11]} 15.
hxg4 {[%clk 0:01:32]} Bxg4 {[%clk 0:00:08]} 16. Bf5 {[%clk 0:01:12]} Qxd1+ {[%clk
0:00:05]} 17. Rxd1 {[%clk 0:01:10]} Bxf5 {[%clk 0:00:05]} 18. Bh6 {[%clk
0:01:06]} Bh8 {[%clk 0:00:05]} 19. Nd5 {[%clk 0:00:59]} Rac8 {[%clk 0:00:04]} 20.
Bf4 {[%clk 0:00:53]} e6 {[%clk 0:00:04]} 21. Nc3 {[%clk 0:00:44]} Rcd8 {[%clk
0:00:03]} 22. Rh1 {[%clk 0:00:44]} h5 {[%clk 0:00:03]} 23. Qc5 {[%clk 0:00:42]}
Nd4 {[%clk 0:03:02]} 24. Nxd4 {[%clk 0:00:42]}  1-0

[Event "Deutsche Blitz-Einzelmeisterschaft der Frauen 2021"]
[Site "Magdeburg"]
[Date "2021.08.01"]
[Round "17"]
[Board "1"]
[White "Albayrak, Berrak"]
[Black "Wulf, Constanze"]
[Result "0-1"]
[WhiteElo "1491"]
[BlackElo "1817"]
[PlyCount "0"]
[EventDate "2021.08.01"]
[EventRounds "21"]
[EventCountry "GER"]

1. e4 {[%clk 0:03:02]} d5 {[%clk 0:03:02]} 2. exd5 {[%clk 0:03:02]} Qxd5 {[%clk
0:02:53]} 3. Nc3 {[%clk 0:03:02]} Qd6 {[%clk 0:02:53]} 4. d4 {[%clk 0:02:53]} Nf6
{[%clk 0:02:53]} 5. h3 {[%clk 0:02:46]} Bf5 {[%clk 0:02:44]} 6. Nf3 {[%clk
0:02:57]} e6 {[%clk 0:02:44]} 7. Bd3 {[%clk 0:02:46]} Bxd3 {[%clk 0:02:42]} 8.
Qxd3 {[%clk 0:02:47]} Nc6 {[%clk 0:02:40]} 9. O-O {[%clk 0:02:38]} O-O-O {[%clk
0:02:40]} 10. Be3 {[%clk 0:02:00]} Kb8 {[%clk 0:02:39]} 11. a4 {[%clk 0:01:53]}
Be7 {[%clk 0:02:28]} 12. Nb5 {[%clk 0:01:53]} Qd7 {[%clk 0:02:24]} 13. Bf4 {[%clk
0:01:18]} Nd5 {[%clk 0:02:08]} 14. Ne5 {[%clk 0:01:00]} Nxe5 {[%clk 0:01:52]} 15.
Bxe5 {[%clk 0:00:51]} Bf6 {[%clk 0:01:31]} 16. Bxf6 {[%clk 0:00:45]} gxf6 {[%clk
0:01:28]} 17. c4 {[%clk 0:00:32]} Nb4 {[%clk 0:01:21]} 18. Qc3 {[%clk 0:00:26]}
Nc6 {[%clk 0:01:20]} 19. d5 {[%clk 0:00:19]} exd5 {[%clk 0:01:12]} 20. cxd5
{[%clk 0:00:20]} Qxd5 {[%clk 0:01:16]} 21. Qxf6 {[%clk 0:00:19]} Rhg8 {[%clk
0:01:14]} 22. g3 {[%clk 0:00:16]} a6 {[%clk 0:01:01]} 23. Nc3 {[%clk 0:00:16]}
Qc4 {[%clk 0:00:51]} 24. Rfe1 {[%clk 0:00:11]} Rd6 {[%clk 0:00:28]} 25. Qf5
{[%clk 0:00:08]} Rdg6 {[%clk 0:00:20]} 26. Re4 {[%clk 0:00:08]} Qb3 {[%clk
0:00:15]} 27. Qf3 {[%clk 0:00:03]} Nd4 {[%clk 0:00:14]} 28. Qe3 {[%clk 0:00:03]}
Nc2 {[%clk 0:00:15]} 29. Qe2 {[%clk 0:00:03]} Nxa1 {[%clk 0:00:16]} 30. Qf3
{[%clk 0:00:03]} Qxb2 {[%clk 0:00:16]} 31. Qxf7 {[%clk 0:00:03]} Qxc3 {[%clk
0:00:13]} 32. Re7 {[%clk 0:00:03]} Rd8 {[%clk 0:00:06]} 33. Qxh7 {[%clk 0:00:03]}
Rc6 {[%clk 0:00:05]} 34. Qg6 {[%clk 0:00:03]} Rxg6 35. h4 {[%clk 0:00:04]} Rd1+
{[%clk 0:00:06]} 36. Kg2 {[%clk 0:00:05]} Qc6+ {[%clk 0:00:07]} 37. Kh3 {[%clk
0:00:06]} Rh1# {[%clk 0:00:07]}  0-1

[Event "Deutsche Blitz-Einzelmeisterschaft der Frauen 2021"]
[Site "Magdeburg"]
[Date "2021.08.01"]
[Round "17"]
[Board "2"]
[White "Muetsch, Annmarie"]
[Black "Stangl, Anita"]
[Result "0-1"]
[WhiteElo "2294"]
[BlackElo "1982"]
[PlyCount "0"]
[EventDate "2021.08.01"]
[EventRounds "21"]
[EventCountry "GER"]

1. e4 {[%clk 0:03:03]} e6 {[%clk 0:03:04]} 2. d3 {[%clk 0:03:03]} d5 {[%clk
0:03:05]} 3. Nd2 {[%clk 0:03:04]} Nf6 {[%clk 0:03:06]} 4. g3 {[%clk 0:03:04]}
dxe4 {[%clk 0:03:02]} 5. dxe4 {[%clk 0:03:03]} e5 {[%clk 0:03:02]} 6. Ngf3 {[%clk
0:02:59]} Bd6 {[%clk 0:02:51]} 7. Bg2 {[%clk 0:02:44]} O-O {[%clk 0:02:51]} 8.
O-O {[%clk 0:02:45]} Bg4 {[%clk 0:02:53]} 9. h3 {[%clk 0:02:45]} Bh5 {[%clk
0:02:53]} 10. Qe2 {[%clk 0:02:34]} Nc6 {[%clk 0:02:53]} 11. c3 {[%clk 0:02:35]}
Qe7 {[%clk 0:02:48]} 12. Nc4 {[%clk 0:02:24]} Rad8 {[%clk 0:02:45]} 13. Ne3
{[%clk 0:02:12]} Bg6 {[%clk 0:02:32]} 14. Nh4 {[%clk 0:02:08]} Bc5 {[%clk
0:02:07]} 15. Nhf5 {[%clk 0:02:02]} Qe6 {[%clk 0:02:04]} 16. g4 {[%clk 0:01:36]}
h5 {[%clk 0:01:50]} 17. b4 {[%clk 0:01:32]} Bb6 {[%clk 0:01:43]} 18. a4 {[%clk
0:01:12]} a6 {[%clk 0:01:44]} 19. a5 {[%clk 0:01:12]} Ba7 {[%clk 0:01:46]} 20. g5
{[%clk 0:01:07]} Nh7 {[%clk 0:01:45]} 21. h4 {[%clk 0:00:59]} f6 {[%clk 0:01:38]}
22. Bh3 {[%clk 0:00:57]} Qf7 {[%clk 0:01:32]} 23. Ra2 {[%clk 0:00:26]} fxg5
{[%clk 0:01:23]} 24. hxg5 {[%clk 0:00:17]} Nxg5 {[%clk 0:01:33]} 25. Bg2 {[%clk
0:00:17]} Bxe3 {[%clk 0:01:29]} 26. Bxe3 {[%clk 0:00:14]} Nxe4 {[%clk 0:01:26]}
27. Bxe4 {[%clk 0:00:09]} Bxf5 {[%clk 0:01:27]} 28. Bg2 {[%clk 0:00:09]} h4
{[%clk 0:01:21]} 29. Rd2 {[%clk 0:00:09]} h3 {[%clk 0:01:20]} 30. Bf3 {[%clk
0:00:08]} e4 {[%clk 0:01:15]} 31. Bh1 {[%clk 0:00:08]} Qg6+ {[%clk 0:01:06]} 32.
Kh2 {[%clk 0:00:10]} Bg4 {[%clk 0:01:07]} 33. Qc4+ {[%clk 0:00:06]} Kh8 {[%clk
0:01:04]} 34. Rxd8 {[%clk 0:00:07]} Rxd8 {[%clk 0:01:04]} 35. Bxe4 {[%clk
0:00:07]} Ne5 {[%clk 0:00:57]} 36. Bxg6 {[%clk 0:00:05]} Nxc4 {[%clk 0:00:59]}
37. Bg5 {[%clk 0:00:05]} Rd6 {[%clk 0:00:58]} 38. Bf7 {[%clk 0:00:05]} Nd2 {[%clk
0:00:56]} 39. Kg3 {[%clk 0:00:05]} Nxf1+ {[%clk 0:00:56]} 40. Kxg4 {[%clk
0:00:06]} h2 {[%clk 0:00:57]}  0-1

[Event "Deutsche Blitz-Einzelmeisterschaft der Frauen 2021"]
[Site "Magdeburg"]
[Date "2021.08.01"]
[Round "17"]
[Board "3"]
[White "Skogvall, Martina"]
[Black "Voicu-Jagodzinsky, Carmen"]
[Result "0-1"]
[WhiteElo "2014"]
[BlackElo "2194"]
[PlyCount "0"]
[EventDate "2021.08.01"]
[EventRounds "21"]
[EventCountry "GER"]

1. e4 {[%clk 0:03:03]} e6 {[%clk 0:03:03]} 2. d4 {[%clk 0:03:01]} d5 {[%clk
0:03:05]} 3. Nd2 {[%clk 0:02:57]} c5 {[%clk 0:03:06]} 4. c3 {[%clk 0:02:55]} cxd4
{[%clk 0:03:01]} 5. cxd4 {[%clk 0:02:47]} dxe4 {[%clk 0:03:02]} 6. Nxe4 {[%clk
0:02:47]} Nc6 {[%clk 0:03:02]} 7. Nf3 {[%clk 0:02:54]} h6 {[%clk 0:03:04]} 8. Bd3
{[%clk 0:02:49]} Nf6 {[%clk 0:02:58]} 9. O-O {[%clk 0:02:44]} Be7 {[%clk
0:02:53]} 10. h3 {[%clk 0:02:16]} O-O {[%clk 0:02:49]} 11. Be3 {[%clk 0:02:13]}
b6 {[%clk 0:02:36]} 12. Rc1 {[%clk 0:02:06]} Bb7 {[%clk 0:02:38]} 13. Ng3 {[%clk
0:01:41]} Nb4 {[%clk 0:02:24]} 14. Bb1 {[%clk 0:01:40]} Rc8 {[%clk 0:02:25]} 15.
a3 {[%clk 0:01:35]} Nbd5 {[%clk 0:02:20]} 16. Qd3 {[%clk 0:01:30]} Nxe3 {[%clk
0:02:13]} 17. fxe3 {[%clk 0:01:27]} Rxc1 {[%clk 0:01:45]} 18. Rxc1 {[%clk
0:01:27]} Bxf3 {[%clk 0:01:46]} 19. gxf3 {[%clk 0:01:24]} Qd5 {[%clk 0:01:41]}
20. Kf2 {[%clk 0:01:16]} Bd6 {[%clk 0:01:31]} 21. e4 {[%clk 0:01:02]} Qg5 {[%clk
0:01:32]} 22. e5 {[%clk 0:00:58]} Qxc1 {[%clk 0:01:29]} 23. exf6 {[%clk 0:00:57]}
Qxb2+ {[%clk 0:01:07]} 24. Ne2 {[%clk 0:00:55]} g6 {[%clk 0:01:08]} 25. h4 {[%clk
0:00:45]} h5 {[%clk 0:00:53]} 26. Ke3 {[%clk 0:00:30]} Rc8 {[%clk 0:00:53]} 27.
f4 {[%clk 0:00:22]} Qxa3 {[%clk 0:00:53]}  0-1

[Event "Deutsche Blitz-Einzelmeisterschaft der Frauen 2021"]
[Site "Magdeburg"]
[Date "2021.08.01"]
[Round "17"]
[Board "4"]
[White "Zeller, Elisa"]
[Black "Hofmann, Karina"]
[Result "1-0"]
[WhiteElo "1917"]
[BlackElo "1734"]
[PlyCount "0"]
[EventDate "2021.08.01"]
[EventRounds "21"]
[EventCountry "GER"]

1. e4 {[%clk 0:03:03]} b6 {[%clk 0:03:04]} 2. d4 {[%clk 0:03:04]} Bb7 {[%clk
0:03:05]} 3. Nc3 {[%clk 0:03:04]} e6 {[%clk 0:03:04]} 4. Bc4 {[%clk 0:03:04]} Bb4
{[%clk 0:03:05]} 5. f3 {[%clk 0:03:01]} Ne7 {[%clk 0:03:04]} 6. Bd2 {[%clk
0:03:02]} O-O {[%clk 0:03:04]} 7. Nge2 {[%clk 0:03:03]} d5 {[%clk 0:03:05]} 8.
exd5 {[%clk 0:03:04]} exd5 {[%clk 0:03:06]} 9. Bd3 {[%clk 0:03:05]} c5 {[%clk
0:02:59]} 10. dxc5 {[%clk 0:02:47]} Bxc5 {[%clk 0:03:00]} 11. Bf4 {[%clk
0:02:40]} Nbc6 {[%clk 0:02:55]} 12. Qd2 {[%clk 0:02:41]} Ng6 {[%clk 0:02:53]} 13.
Bg3 {[%clk 0:02:41]} Re8 {[%clk 0:02:53]} 14. O-O-O {[%clk 0:02:41]} Bb4 {[%clk
0:02:45]} 15. Bxg6 {[%clk 0:02:38]} Rxe2 {[%clk 0:02:20]} 16. Qxe2 {[%clk
0:02:33]} Bxc3 {[%clk 0:02:18]} 17. Bd3 {[%clk 0:02:23]} Bf6 {[%clk 0:02:10]} 18.
Kb1 {[%clk 0:02:18]} Nb4 {[%clk 0:02:08]} 19. a3 {[%clk 0:02:15]} Nc6 {[%clk
0:02:03]} 20. Qd2 {[%clk 0:01:55]} a5 {[%clk 0:02:01]} 21. Bb5 {[%clk 0:01:53]}
Qc7 {[%clk 0:01:59]} 22. Bxc7 {[%clk 0:01:51]} Nd4 {[%clk 0:01:50]} 23. Bd3
{[%clk 0:01:47]} Rc8 {[%clk 0:01:47]} 24. Bxb6 {[%clk 0:01:43]} Ne6 {[%clk
0:01:35]} 25. Qxa5 {[%clk 0:01:31]} d4 {[%clk 0:01:29]} 26. Be4 {[%clk 0:01:25]}
Bxe4 {[%clk 0:01:27]} 27. fxe4 {[%clk 0:01:26]} Ng5 {[%clk 0:01:26]} 28. Bxd4
{[%clk 0:01:23]} Nxe4 {[%clk 0:01:24]} 29. Bxf6 {[%clk 0:01:22]} Nxf6 {[%clk
0:01:25]} 30. Rd8+ {[%clk 0:01:23]}  1-0

[Event "Deutsche Blitz-Einzelmeisterschaft der Frauen 2021"]
[Site "Magdeburg"]
[Date "2021.08.01"]
[Round "17"]
[Board "6"]
[White "Zschischang, Marine"]
[Black "Schlueter, Sabrina"]
[Result "0-1"]
[WhiteElo "2034"]
[BlackElo "1790"]
[PlyCount "0"]
[EventDate "2021.08.01"]
[EventRounds "21"]
[EventCountry "GER"]

1. d4 {[%clk 0:03:03]} c6 {[%clk 0:03:04]} 2. c4 {[%clk 0:02:54]} g6 {[%clk
0:03:05]} 3. Nc3 {[%clk 0:03:04]} Bg7 {[%clk 0:03:06]} 4. e4 {[%clk 0:03:04]} d6
{[%clk 0:03:07]} 5. Be3 {[%clk 0:03:04]} Nf6 {[%clk 0:03:08]} 6. f3 {[%clk
0:03:05]} O-O {[%clk 0:03:08]} 7. Qd2 {[%clk 0:03:07]} Re8 {[%clk 0:03:00]} 8. h4
{[%clk 0:03:07]} h5 {[%clk 0:03:00]} 9. Be2 {[%clk 0:03:07]} e5 {[%clk 0:03:00]}
10. dxe5 {[%clk 0:02:52]} dxe5 {[%clk 0:03:07]} 11. Qxd8 {[%clk 0:02:44]} Rxd8
{[%clk 0:03:07]} 12. Rd1 {[%clk 0:02:43]} Rxd1+ {[%clk 0:03:05]} 13. Kxd1 {[%clk
0:02:40]} Be6 {[%clk 0:03:00]} 14. Kc2 {[%clk 0:02:32]} Nbd7 {[%clk 0:03:00]} 15.
Nh3 {[%clk 0:02:39]} Nb6 {[%clk 0:03:00]} 16. b3 {[%clk 0:02:30]} Nbd7 {[%clk
0:02:39]} 17. Ng5 {[%clk 0:02:38]} Nf8 {[%clk 0:02:22]} 18. Rd1 {[%clk 0:02:37]}
b6 {[%clk 0:02:10]} 19. Rd6 {[%clk 0:02:31]} Rc8 {[%clk 0:02:07]} 20. a4 {[%clk
0:02:13]} Ne8 {[%clk 0:02:06]} 21. Rd1 {[%clk 0:02:08]} f6 {[%clk 0:01:58]} 22.
Nxe6 {[%clk 0:02:03]} Nxe6 {[%clk 0:01:59]} 23. Rd7 {[%clk 0:01:58]} Rc7 {[%clk
0:01:51]} 24. Rxc7 {[%clk 0:01:49]} N8xc7 {[%clk 0:01:52]} 25. b4 {[%clk
0:01:46]} Bf8 {[%clk 0:01:44]} 26. Kb3 {[%clk 0:01:41]} Kf7 {[%clk 0:01:42]} 27.
Na2 {[%clk 0:01:24]} Nd4+ {[%clk 0:01:42]} 28. Bxd4 {[%clk 0:01:21]} exd4 {[%clk
0:01:43]} 29. Bd3 {[%clk 0:01:08]} c5 {[%clk 0:01:36]} 30. bxc5 {[%clk 0:00:59]}
bxc5 {[%clk 0:01:37]} 31. a5 {[%clk 0:00:51]} g5 {[%clk 0:01:28]} 32. hxg5 {[%clk
0:00:39]} fxg5 {[%clk 0:01:29]} 33. g3 {[%clk 0:00:26]} Bd6 {[%clk 0:01:25]} 34.
g4 {[%clk 0:00:27]} hxg4 {[%clk 0:01:21]} 35. fxg4 {[%clk 0:00:28]} Kf6 {[%clk
0:01:18]} 36. Nc1 {[%clk 0:00:26]} Ke5 {[%clk 0:01:19]} 37. Ne2 {[%clk 0:00:27]}
Na6 {[%clk 0:01:05]} 38. Ng3 {[%clk 0:00:07]} Kf4 {[%clk 0:00:52]} 39. Nf5 {[%clk
0:00:08]} Bf8 {[%clk 0:00:44]} 40. Ka4 {[%clk 0:00:09]} Nc7 {[%clk 0:00:44]} 41.
a6 {[%clk 0:00:05]} Kxg4 {[%clk 0:00:37]} 42. Bf1 {[%clk 0:00:05]} Kf4 {[%clk
0:00:37]} 43. Bg2 g4 {[%clk 0:00:37]} 44. Nh4 Kg3 {[%clk 0:00:29]} 45. Ng6 Bd6
{[%clk 0:00:21]} 46. Bf1  0-1

[Event "Deutsche Blitz-Einzelmeisterschaft der Frauen 2021"]
[Site "Magdeburg"]
[Date "2021.08.01"]
[Round "17"]
[Board "7"]
[White "Mader, Lena"]
[Black "Braun, Kristin"]
[Result "1/2-1/2"]
[WhiteElo "1689"]
[BlackElo "1846"]
[PlyCount "0"]
[EventDate "2021.08.01"]
[EventRounds "21"]
[EventCountry "GER"]

1. c4 {[%clk 0:03:03]} Nf6 {[%clk 0:03:04]} 2. g3 {[%clk 0:03:04]} g6 {[%clk
0:03:05]} 3. Bg2 {[%clk 0:03:06]} Bg7 {[%clk 0:03:06]} 4. Nf3 {[%clk 0:03:07]} d6
{[%clk 0:03:08]} 5. O-O {[%clk 0:03:07]} O-O {[%clk 0:03:09]} 6. Nc3 {[%clk
0:03:09]} e5 {[%clk 0:03:09]} 7. d3 {[%clk 0:03:10]} Nc6 {[%clk 0:03:11]} 8. Rb1
{[%clk 0:03:12]} a6 {[%clk 0:03:10]} 9. b4 {[%clk 0:03:09]} Be6 {[%clk 0:03:09]}
10. a4 {[%clk 0:03:09]} a5 {[%clk 0:02:54]} 11. b5 {[%clk 0:03:00]} Nb4 {[%clk
0:02:56]} 12. Ba3 {[%clk 0:02:54]} c5 {[%clk 0:02:29]} 13. bxc6 {[%clk 0:02:51]}
Nxc6 {[%clk 0:02:30]} 14. Nb5 {[%clk 0:02:46]} Ne8 {[%clk 0:01:57]} 15. Nd2
{[%clk 0:02:22]} f5 {[%clk 0:01:44]} 16. Qc2 {[%clk 0:02:03]} Bf6 {[%clk
0:01:43]} 17. Nc3 {[%clk 0:01:51]} Rb8 {[%clk 0:01:31]} 18. Nd5 {[%clk 0:01:43]}
Bg5 {[%clk 0:01:10]} 19. h4 {[%clk 0:01:39]} Nd4 {[%clk 0:01:06]} 20. Qd1 {[%clk
0:01:35]} Bh6 {[%clk 0:01:05]} 21. Nb3 {[%clk 0:01:05]} Nc6 {[%clk 0:00:59]} 22.
Qc2 {[%clk 0:00:46]} Nf6 {[%clk 0:01:00]} 23. Nxf6+ {[%clk 0:00:41]} Rxf6 {[%clk
0:01:01]} 24. Rb2 {[%clk 0:00:29]} Qd7 {[%clk 0:00:56]} 25. Rfb1 {[%clk 0:00:21]}
f4 {[%clk 0:00:54]} 26. Nd2 {[%clk 0:00:09]} fxg3 {[%clk 0:00:47]} 27. fxg3
{[%clk 0:00:11]} Bh3 {[%clk 0:00:46]} 28. Ne4 {[%clk 0:00:12]} Be3+ {[%clk
0:00:43]} 29. Kh2 {[%clk 0:00:13]}  1/2-1/2

[Event "Deutsche Blitz-Einzelmeisterschaft der Frauen 2021"]
[Site "Magdeburg"]
[Date "2021.08.01"]
[Round "17"]
[Board "8"]
[White "Schneider, Birgit"]
[Black "Kosovska, Olena"]
[Result "1-0"]
[WhiteElo "1993"]
[BlackElo "1965"]
[PlyCount "0"]
[EventDate "2021.08.01"]
[EventRounds "21"]
[EventCountry "GER"]

1. e4 {[%clk 0:03:03]} c5 {[%clk 0:03:04]} 2. c3 {[%clk 0:03:04]} d6 {[%clk
0:03:02]} 3. d4 {[%clk 0:03:05]} cxd4 {[%clk 0:03:03]} 4. cxd4 {[%clk 0:03:06]}
Nf6 {[%clk 0:02:54]} 5. Nc3 {[%clk 0:03:07]} e6 {[%clk 0:03:04]} 6. Nf3 {[%clk
0:03:06]} Be7 {[%clk 0:03:05]} 7. Bd3 {[%clk 0:03:00]} O-O {[%clk 0:03:05]} 8.
O-O {[%clk 0:02:53]} Nc6 {[%clk 0:03:06]} 9. a3 {[%clk 0:02:57]} a6 {[%clk
0:03:07]} 10. h3 {[%clk 0:02:58]} Bd7 {[%clk 0:03:07]} 11. Be3 {[%clk 0:02:54]}
Rc8 {[%clk 0:03:03]} 12. Rc1 {[%clk 0:02:55]} h6 {[%clk 0:03:00]} 13. Bb1 {[%clk
0:02:56]} e5 {[%clk 0:02:57]} 14. Qd2 {[%clk 0:02:49]} Nh7 {[%clk 0:02:32]} 15.
Rfd1 {[%clk 0:02:42]} exd4 {[%clk 0:02:06]} 16. Nxd4 {[%clk 0:02:35]} Ne5 {[%clk
0:02:02]} 17. b3 {[%clk 0:02:04]} Be6 {[%clk 0:02:00]} 18. Nd5 {[%clk 0:01:49]}
Bxd5 {[%clk 0:01:13]} 19. exd5 {[%clk 0:01:49]} Ng6 {[%clk 0:00:38]} 20. Nf5
{[%clk 0:01:19]} Rxc1 {[%clk 0:00:24]} 21. Rxc1 {[%clk 0:01:18]} Ng5 {[%clk
0:00:25]} 22. Qc2 {[%clk 0:01:03]} Bf6 {[%clk 0:00:21]} 23. a4 {[%clk 0:00:52]}
Qd7 {[%clk 0:00:19]} 24. Qc7 {[%clk 0:00:52]} Rd8 {[%clk 0:00:13]} 25. Nd4 {[%clk
0:00:38]} Be5 {[%clk 0:00:04]} 26. Nf3 {[%clk 0:00:33]} f6 {[%clk 0:00:04]} 27.
Bb6 {[%clk 0:00:27]} Nxf3+ {[%clk 0:00:03]} 28. gxf3 {[%clk 0:00:28]} Qxc7 {[%clk
0:03:02]} 29. Rxc7 {[%clk 0:00:28]}  1-0

[Event "Deutsche Blitz-Einzelmeisterschaft der Frauen 2021"]
[Site "Magdeburg"]
[Date "2021.08.01"]
[Round "17"]
[Board "9"]
[White "Zimmer, Elke"]
[Black "Noll, Sonja"]
[Result "1-0"]
[WhiteElo "1872"]
[BlackElo "1707"]
[PlyCount "0"]
[EventDate "2021.08.01"]
[EventRounds "21"]
[EventCountry "GER"]

1. e4 {[%clk 0:03:04]} Nf6 {[%clk 0:03:03]} 2. Nc3 {[%clk 0:03:05]} d5 {[%clk
0:03:04]} 3. e5 {[%clk 0:03:04]} d4 {[%clk 0:03:05]} 4. exf6 {[%clk 0:02:49]}
dxc3 {[%clk 0:03:06]} 5. fxe7 {[%clk 0:02:42]} cxd2+ {[%clk 0:03:07]} 6. Qxd2
{[%clk 0:02:39]} Bxe7 {[%clk 0:03:04]} 7. Qxd8+ {[%clk 0:02:40]} Bxd8 {[%clk
0:03:03]} 8. Bd3 {[%clk 0:02:39]} O-O {[%clk 0:03:02]} 9. Bf4 {[%clk 0:02:31]}
Re8+ {[%clk 0:03:02]} 10. Ne2 {[%clk 0:02:40]} Nc6 {[%clk 0:02:59]} 11. a3 {[%clk
0:02:30]} a6 {[%clk 0:02:59]} 12. O-O {[%clk 0:02:20]} Bf6 {[%clk 0:02:51]} 13.
Rab1 {[%clk 0:02:27]} Be6 {[%clk 0:02:48]} 14. b3 {[%clk 0:02:21]} Re7 {[%clk
0:02:45]} 15. Rfd1 {[%clk 0:02:17]} Rae8 {[%clk 0:02:43]} 16. Ng3 {[%clk
0:02:13]} h6 {[%clk 0:02:37]} 17. Nf5 {[%clk 0:02:11]} Bxf5 {[%clk 0:02:28]} 18.
Bxf5 {[%clk 0:01:59]} Nd4 {[%clk 0:02:20]} 19. Bd3 {[%clk 0:02:06]} Nb5 {[%clk
0:02:14]} 20. Bxb5 {[%clk 0:01:57]} axb5 {[%clk 0:02:06]} 21. Kf1 {[%clk
0:01:55]} Re4 {[%clk 0:02:10]} 22. Be3 {[%clk 0:01:43]} Bc3 {[%clk 0:02:04]} 23.
g3 {[%clk 0:01:34]} b4 {[%clk 0:02:04]} 24. a4 {[%clk 0:01:35]} b6 {[%clk
0:02:02]} 25. Rd7 {[%clk 0:01:35]} R8e7 {[%clk 0:01:59]} 26. Rbd1 {[%clk
0:01:36]} Kf8 {[%clk 0:01:58]} 27. Kg2 {[%clk 0:01:12]} Ke8 {[%clk 0:01:59]} 28.
Rxe7+ {[%clk 0:01:13]} Kxe7 {[%clk 0:01:59]} 29. Kf3 {[%clk 0:01:14]} f5 {[%clk
0:01:50]} 30. Rd5 {[%clk 0:01:12]} Ke6 {[%clk 0:01:56]} 31. Rd3 {[%clk 0:01:12]}
g5 {[%clk 0:01:53]} 32. Rd8 {[%clk 0:01:04]} Ke7 {[%clk 0:01:36]} 33. Rc8 {[%clk
0:00:47]} Kd7 {[%clk 0:01:30]} 34. Rf8 {[%clk 0:00:42]} Re5 {[%clk 0:01:29]} 35.
Rf7+ {[%clk 0:00:38]} Kc8 {[%clk 0:01:27]} 36. h4 {[%clk 0:00:30]} Kd8 {[%clk
0:01:23]} 37. hxg5 {[%clk 0:00:30]} hxg5 {[%clk 0:01:24]} 38. Bxg5+ {[%clk
0:00:30]} Ke8 {[%clk 0:01:25]} 39. Rxc7 {[%clk 0:00:28]} Rd5 {[%clk 0:01:10]} 40.
Rc6 {[%clk 0:00:27]} Bd4 {[%clk 0:01:09]} 41. Bd2 {[%clk 0:00:17]} Bc5 {[%clk
0:01:06]} 42. Bf4 {[%clk 0:00:18]} Kd7 {[%clk 0:01:03]} 43. Rc7+ {[%clk 0:00:19]}
Ke6 {[%clk 0:01:02]} 44. Rh7 {[%clk 0:00:18]} Rd1 {[%clk 0:00:58]} 45. Bg5 {[%clk
0:00:08]} Rf1 {[%clk 0:00:56]} 46. Be3 {[%clk 0:00:03]} Bxe3 {[%clk 0:00:37]} 47.
Kxe3 {[%clk 0:00:05]} Rc1 {[%clk 0:00:37]} 48. Kd2 {[%clk 0:00:06]} Rf1 {[%clk
0:00:38]} 49. Rh2 {[%clk 0:00:07]} Ke5 {[%clk 0:00:30]} 50. Rg2 {[%clk 0:00:07]}
Ke4 {[%clk 0:00:39]} 51. Ke2 {[%clk 0:00:07]} Rc1 {[%clk 0:00:39]} 52. f3+ {[%clk
0:00:08]} Kd4 {[%clk 0:00:38]} 53. Kd2 Ra1 {[%clk 0:00:37]} 54. g4 {[%clk
0:00:09]} Ke5 {[%clk 0:00:34]} 55. g5 {[%clk 0:00:09]} Ke6 {[%clk 0:00:33]} 56.
g6 {[%clk 0:00:11]}  1-0

[Event "Deutsche Blitz-Einzelmeisterschaft der Frauen 2021"]
[Site "Magdeburg"]
[Date "2021.08.01"]
[Round "17"]
[Board "10"]
[White "Michna, Marta"]
[Black "Ries, Jutta"]
[Result "1-0"]
[WhiteElo "2416"]
[BlackElo "2094"]
[PlyCount "0"]
[EventDate "2021.08.01"]
[EventRounds "21"]
[EventCountry "GER"]

1. Nf3 {[%clk 0:03:03]} Nf6 {[%clk 0:03:02]} 2. d3 {[%clk 0:03:05]} g6 {[%clk
0:03:03]} 3. Nbd2 {[%clk 0:03:06]} Bg7 {[%clk 0:03:04]} 4. e4 {[%clk 0:03:07]} d6
{[%clk 0:03:06]} 5. Be2 {[%clk 0:02:59]} O-O {[%clk 0:03:07]} 6. O-O {[%clk
0:02:59]} c5 {[%clk 0:03:07]} 7. c3 {[%clk 0:03:09]} Nc6 {[%clk 0:03:08]} 8. a4
{[%clk 0:03:10]} Rb8 {[%clk 0:03:03]} 9. Nc4 {[%clk 0:03:09]} b5 {[%clk 0:03:00]}
10. axb5 {[%clk 0:03:09]} Rxb5 {[%clk 0:03:02]} 11. Qa4 {[%clk 0:02:49]} a6
{[%clk 0:02:57]} 12. Nfd2 {[%clk 0:02:41]} Ne5 {[%clk 0:02:50]} 13. Nxe5 {[%clk
0:02:39]} dxe5 {[%clk 0:02:51]} 14. d4 {[%clk 0:02:29]} Rb8 {[%clk 0:02:33]} 15.
dxc5 {[%clk 0:02:18]} Qc7 {[%clk 0:02:22]} 16. Qa5 {[%clk 0:02:18]} Qc6 {[%clk
0:02:15]} 17. b4 {[%clk 0:01:53]} Bb7 {[%clk 0:01:59]} 18. Re1 {[%clk 0:01:46]}
Rfd8 {[%clk 0:01:54]} 19. f3 {[%clk 0:01:20]} Ra8 {[%clk 0:01:40]} 20. Nc4 {[%clk
0:01:17]} Nh5 {[%clk 0:01:37]} 21. Nb6 {[%clk 0:01:10]} Rab8 {[%clk 0:01:29]} 22.
Bc4 {[%clk 0:00:55]} Nf4 {[%clk 0:01:26]} 23. Be3 {[%clk 0:00:36]} Nd3 {[%clk
0:01:18]} 24. Red1 {[%clk 0:00:36]} Nb2 {[%clk 0:01:19]} 25. Rxd8+ {[%clk
0:00:33]} Rxd8 {[%clk 0:01:20]} 26. Nd5 {[%clk 0:00:33]} Rd7 {[%clk 0:00:54]} 27.
Bf1 {[%clk 0:00:28]} e6 {[%clk 0:00:52]} 28. Nb6 {[%clk 0:00:24]} Rd1 {[%clk
0:00:48]} 29. Qa2 {[%clk 0:00:20]} Rxa1 {[%clk 0:00:46]} 30. Qxa1 {[%clk
0:00:22]}  1-0